guess the gracie abrams song w no hints ˚ ༘ ೀ⋆。˚ - Statistics

General Stats
  • This quiz has been taken 101 times
  • The average score is 216 of 333
Answer Stats
Answer % Correct
I
100%
you
95%
a
93%
the
88%
it
86%
me
83%
to
82%
I'm
81%
that
80%
do
77%
be
76%
my
76%
no
76%
When
76%
when
76%
so
75%
And
74%
this
73%
in
71%
In
71%
but
70%
But
70%
of
70%
feel
69%
It's
69%
it's
69%
its
69%
could
68%
is
68%
one
67%
know
65%
not
65%
now
65%
Now
65%
out
65%
they
65%
too
65%
I'll
64%
just
64%
see
64%
think
64%
Don't
63%
all
62%
how
61%
How
61%
I've
61%
should
61%
look
60%
say
60%
time
60%
want
60%
why
60%
around
58%
block
58%
off
58%
tired
58%
were
58%
Feeling
57%
feeling
57%
been
56%
let
56%
wish
56%
Wish
56%
every
55%
mess
55%
only
55%
down
54%
getting
54%
make
54%
there's
54%
way
54%
will
54%
Cause
52%
else
52%
head
52%
thinking
52%
find
51%
used
51%
lost
50%
nothing's
50%
call
49%
delicate
49%
loud
49%
try
49%
liar
48%
pretty
48%
after
46%
alive
46%
best
46%
crier
46%
crowd
46%
feet
46%
ground
46%
nobody
46%
sees
46%
ten
46%
their
46%
whatever
46%
burning
45%
fire
45%
happier
45%
such
45%
become
44%
couldn't
44%
fault
44%
friends
44%
none
44%
drive
43%
since
43%
thought
43%
couple
42%
months
42%
something
42%
open
40%
follow
39%
quiet
39%
stuck
39%
violent
39%
body
38%
gut
38%
mouth
38%
seem
38%
silence
38%
tonight
38%
turned
38%
desolate
37%
found
37%
higher
37%
leaving
37%
Plus
37%
heavier
36%
kind
36%
outside
36%
floating
35%
funny
35%
haunt
33%
myself
33%
trying
32%
voice
32%
left
31%
honestly
29%
Mm
29%
mm
29%
Until
26%
happening
14%
No matching quizzes found
Score Distribution
Percent of People with Each Score
Percentile by Number Answered
Your Score History
You have not taken this quiz